Catalog

Record Details

Catalog Search



Osudy židovských rodin na Lounsku  Cover Image Book Book

Osudy židovských rodin na Lounsku / Jan Mareš, Anna Krausová, Martin Vostřel

Mareš, Jan, 1975- (Author). Krausová, Anna (Author). Vostřel, Martin (Author).

Record details

  • Physical Description: 59 s. : , fotografie
  • Publisher: Peruc : Spolek na obnovu židovských památek, 2019

Available copies

  • 1 of 1 copy available at Common Catalog SPOK.

Holds

  • 0 current holds with 1 total copy.
Show Only Available Copies
Location Call Number / Copy Notes Barcode Shelving Location Status Due Date
The Jewish community of Prague J 2074 4638302287 J - Judaika Available -

LDR 01078nam a2200301 i 4500
00154248
003CZ-PrJAB
00520190924082758.0
008190924s2019 xr |||||||||||||| ||cze d
035 . ‡a(CZ PrSKC)016900000612379
040 . ‡aLNG001 ‡bcze ‡erda
080 . ‡a943.7
1001 . ‡aMareš, Jan, ‡d1975- ‡7jo2004232801 ‡4aut
24510. ‡aOsudy židovských rodin na Lounsku / ‡cJan Mareš, Anna Krausová, Martin Vostřel
264 1. ‡aPeruc : ‡bSpolek na obnovu židovských památek, ‡c2019
300 . ‡a59 s. : ‡b, fotografie
336 . ‡atext ‡btxt ‡2rdacontent
337 . ‡abez média ‡bn ‡2rdamedia
338 . ‡asvazek ‡bnc ‡2rdacarrier
6530 . ‡adějiny ‡aČechy ‡aČechy severní ‡aLounsko ‡aLouny ‡aosudy ‡aŽidé ‡arodina ‡astředověk ‡anovověk ‡a20. stol. ‡a2. svět. válka ‡aholocaust
7001 . ‡aKrausová, Anna ‡7xx0231497 ‡4aut
7001 . ‡aVostřel, Martin ‡4aut
910 . ‡aABE461 ‡bJ 2074
995 . ‡aska
901 . ‡a54248 ‡bAUTOGEN ‡c54248 ‡tbiblio

Additional Resources